01112 a2200181 4500003000500000005001700005010001600022020002200038040000900060082001800069100002600087245008200113260004700195300004600242505056100288650004700849650003400896Nust20221207151237.0 a 84014929 a0827323158 (pbk.) cNust00a621.38153,KIR1 aKirkpatrick, James M.10aElectronic Drafting and Printed Circuit Board Design /cJames M. Kirkpatrick. aAlbany, N.Y. :bDelmar Publishers,cc1985. avii, 262 p. :bill. (some col.) ;c28 cm. aBasic Drawing Tools, Materials and Skills (Page-1), Types the Electronic and Mechanical Drawing (Page-25), Block Diagrams (Page-43), Symbols for Schematic Diagrams (Page-57), Drawing Schematic Diagrams (Page-73), Logic Symbols and Drawings (Page-95), Interconnecting Diagrams (Page-109), Introduction to Printed Circuits Boards (Page-123), Design of Discrete Component Single Sided (Page-137), Design of a Double Sided PC Boards (Page-161), Standards Racks, Panels and Cases of Electronic (Page-187), Computer Aided Drafting for Electronics (Page-203).  0aPrinted circuitsxDesign and construction. 0aTelecommunication Engineering